000 00290nam a2200097Ia 4500
008 220120s9999||||xx |||||||||||||| ||und||
100 _aBasil Parvathu
_912059
245 0 _a100 base T4- network repeater
260 _aCoorg Institute of Technology
_bPonnampet
_c2006
650 _aCOMPUTER SCIENCE
999 _c137643
_d137643